名字里带颜色的地级行政区(点位地图版) - Statistics

General Stats
  • This quiz has been taken 42 times
  • The average score is 20 of 22
Answers on the Map
Answers color-coded by a green-red scale on the quiz's map according to % correct below.
 
Answer Stats
省级行政区 地级行政区 % Correct
安徽省 黄山市
100%
白、银 甘肃省 白银市
97%
黑龙江省 黑河市
97%
云南省 红河哈尼族彝族自治州
97%
山东省 青岛市
97%
湖北省 黄石市
95%
湖北省 黄冈市
95%
吉林省 白山市
92%
吉林省 白城市
92%
内蒙古自治区 赤峰市
92%
辽宁省 丹东市
92%
浙江省 金华市
92%
新疆维吾尔自治区 乌鲁木齐市
92%
宁夏回族自治区 银川市
92%
甘肃省 金昌市
89%
内蒙古自治区 乌海市
89%
青海省 黄南藏族自治州
87%
贵州省 黔西南布依族苗族自治州
87%
贵州省 黔东南苗族侗族自治州
87%
贵州省 黔南布依族苗族自治州
87%
黑龙江省 牡丹江市
84%
内蒙古自治区 乌兰察布市
79%
No matching quizzes found
Score Distribution
Percent of People with Each Score
Percentile by Number Answered
Your Score History
You have not taken this quiz